<?xml version="1.0" encoding="UTF-8"?>
<marc:record xmlns:marc="http://www.loc.gov/MARC21/slim">
   <marc:leader>00000nam a2200000 a 4500</marc:leader>
   <marc:datafield ind1="1" ind2=" " tag="100">
      <marc:subfield code="a">Martin &lt;von Cochem&gt;</marc:subfield>
      <marc:subfield code="4">aut</marc:subfield>
      <marc:subfield code="e">Verfasser/-in</marc:subfield>
   </marc:datafield>
   <marc:datafield ind1="1" ind2=" " tag="100">
      <marc:subfield code="a">Koch, Gaudentius</marc:subfield>
   </marc:datafield>
   <marc:datafield ind1=" " ind2=" " tag="653">
      <marc:subfield code="a">p||Jesus Christus</marc:subfield>
   </marc:datafield>
   <marc:datafield ind1=" " ind2=" " tag="653">
      <marc:subfield code="a">s||Andachtsbuch</marc:subfield>
   </marc:datafield>
   <marc:datafield ind1=" " ind2=" " tag="653">
      <marc:subfield code="a">p||Maria</marc:subfield>
   </marc:datafield>
   <marc:datafield ind1="0" ind2="0" tag="245">
      <marc:subfield code="a">Das große Leben Christi oder ausführliche, andächtige und bewegliche, ganz vollkommene Beschreibung des allerheiligsten Lebens und bittern Leidens unsers Herrn Jesu Christi und seiner glorwürdigsten lieben Mutter Mariae</marc:subfield>
   </marc:datafield>
   <marc:datafield ind1="0" ind2="0" tag="245">
      <marc:subfield code="b">wie auch aller ihrer Befreundeten: Als nämlich Sankt Annae und ihrer Mutter, Sankt Josephs und Sankt Joachims, der beiden Sankt Johannes, nämlich des Baptisten und des Evangelisten, Sankt Stephanus und Sankt Jakobs, Sankt Magdalenae und Sankt Marthae</marc:subfield>
   </marc:datafield>
   <marc:datafield ind1="0" ind2="0" tag="245">
      <marc:subfield code="c">dargest. durch Martinus von Kochem. Neu hrsg. von Gaudentius Koch. [Schrift und Einband von Rudolf Koch]</marc:subfield>
   </marc:datafield>
   <marc:datafield ind1=" " ind2="1" tag="264">
      <marc:subfield code="a">Köln a. Rh.</marc:subfield>
      <marc:subfield code="b">Sankt-Augustinus-Verl.</marc:subfield>
      <marc:subfield code="c">1912</marc:subfield>
   </marc:datafield>
   <marc:datafield ind1=" " ind2=" " tag="041">
      <marc:subfield code="a">ger</marc:subfield>
   </marc:datafield>
   <marc:datafield ind1=" " ind2=" " tag="500">
      <marc:subfield code="a">In Fraktur</marc:subfield>
   </marc:datafield>
   <marc:datafield ind1=" " ind2=" " tag="300">
      <marc:subfield code="a">XXXVIII, 1102 S. : zahlr. Ill.; 30 cm</marc:subfield>
   </marc:datafield>
</marc:record>
